Statistics for Mexico Country Quiz

Click here to take the quiz!

General Stats

  • This quiz has been taken 54,749 times
    (51,782 since last reset)
  • The average score is 17 of 26

Answer Stats

HintAnswer% Correct
Bordering countriesUnited States
98%
Most populous metro areasMexico City
96%
Most popular sportSoccer
95%
CurrencyPeso
94%
Bordering countriesGuatemala
91%
Bordering countriesBelize
88%
Civilization conquered by CortésAztec
84%
Native civilization known for pyramids,
calendars, and writing
Maya
84%
Tiny dog breed named for a Mexican stateChihuahua
83%
Liquor made from agaveTequila
82%
Peninsula south of CaliforniaBaja Peninsula
78%
Cancún's peninsulaYucatán
70%
Major city near San DiegoTijuana
69%
Holiday celebrated Oct 31–Nov 2Day of the Dead
64%
Most populous metro areasGuadalajara
64%
Style of folk music with trumpets and guitarsMariachi
59%
National animalGolden Eagle
58%
Longest riverRio Grande
58%
Year that Mexico hosted the
Summer Olympics
1968
52%
Most populous metro areasMonterrey
45%
Biggest exportOil
45%
The three most common last names
(guess any one)
Hernández |
García | Martínez
44%
Pacific city known for cliff diversAcapulco
36%
Mexican term for Pro Wrestling{Lucha} Libre
36%
Chili pepper sauce sometimes made
with chocolate
Mole
35%
Richest manCarlos Slim
32%

Score Distribution

Percentile by Number Answered

Percent of People with Each Score

Your Score History

You have not taken this quiz since the last reset